00696nam a2200241 a 4500001001300000003000900013005001700022008004100039020001000080082001300090100001700103245004700120260005300167300000900220500003500229505001300264650003700277700001700314902000800331942000700339952009300346999001500439nice12345678IN_TiNIC20260116012208.0050524s0000 lona grp 000 0 eng  ac10000a239bAUG aAugustine, S aConfessions of St. Augustine Book 1 to 10. aLondon-New YorkbGeorge Routledge and Sonsc0000 a227p aincludes index and biblioraphy2 aAppendix aSaints-Christianity-St.Augustine1 aAugustine, S bSRS cBK 00104070aHMIbHMId2007-06-21g100.00l0o239 AUGp07442r2007-06-21w2026-01-16yEB c6031d6031